MARC details
| 000 -LEADER |
| fixed length control field |
01015cam a2200217 4500 |
| 001 - CONTROL NUMBER |
| control field |
WB3911-08 |
| 008 - FIXED-LENGTH DATA ELEMENTS--GENERAL INFORMATION |
| fixed length control field |
030318n2003 000 0 eng u |
| 035 ## - SYSTEM CONTROL NUMBER |
| System control number |
(Sirsi) u121647 |
| 245 ## - TITLE STATEMENT |
| Title |
Vacant land |
| 260 ## - PUBLICATION, DISTRIBUTION, ETC. |
| Date of publication, distribution, etc. |
2003 |
| 490 ## - SERIES STATEMENT |
| Series statement |
Scottish Executive Press Release |
| Volume/sequential designation |
17 March 2003, (2) |
| 520 ## - SUMMARY, ETC. |
| Summary, etc. |
Latest Scottish Vacant and Derelict Land Survey shows vacant land in Scotland fell by 434 hectares during 2002. The total amount of vacant and derelict land has decreased by 28% from 15 400 hectares in 1993 to 11 053 hectares in 2002. This reflects the long term commitment to the re-use of previously developed sites. For the Scottish Executive Press Release: http://www.scotland.gov.uk/pages/news/2003/03/SESJ244a.aspx To purchase the Scottish Vacant and Derelict Land Survey t 0131 479 3141 |
| 590 ## - LOCAL NOTE (RLIN) |
| Local note |
WB |
| 650 ## - SUBJECT ADDED ENTRY--TOPICAL TERM |
| Topical term or geographic name entry element |
SCOTLAND |
| 650 ## - SUBJECT ADDED ENTRY--TOPICAL TERM |
| Topical term or geographic name entry element |
VACANT LAND |
| 650 ## - SUBJECT ADDED ENTRY--TOPICAL TERM |
| Topical term or geographic name entry element |
DERELICT LAND |
| 650 ## - SUBJECT ADDED ENTRY--TOPICAL TERM |
| Topical term or geographic name entry element |
LAND SURVEYS |
| 650 ## - SUBJECT ADDED ENTRY--TOPICAL TERM |
| Topical term or geographic name entry element |
LAND REDEVELOPMENT |
| 690 ## - LOCAL SUBJECT ADDED ENTRY--TOPICAL TERM (OCLC, RLIN) |
| Topical term or geographic name as entry element |
MAPPING AND MEASUREMENT |
| 942 ## - ADDED ENTRY ELEMENTS (KOHA) |
| Suppress in OPAC |
0 |